00385nam a2200181Ia 4500003000900000008004100009040001300050040001300063041000800076245002900084250000900113260001100122260000900133300001100142300001000153490000600163710003400169IT-RoPAU120407s9999 xx 000 0 und d aIT-RoPAU cIT-RoPAU aita aIndex ac Status Causarum aRoma aGuerra c1985 a402 p. c20 cm v1 aCongregazione Cause dei Santi